<?xml version="1.0" encoding="UTF-8"?>
<record
    xmlns:xsi="http://www.w3.org/2001/XMLSchema-instance"
    xsi:schemaLocation="http://www.loc.gov/MARC21/slim http://www.loc.gov/standards/marcxml/schema/MARC21slim.xsd"
    xmlns="http://www.loc.gov/MARC21/slim">

  <leader>00781nam a22002417a 4500</leader>
  <controlfield tag="005">20260523125241.0</controlfield>
  <controlfield tag="008">260523b        |||||||| |||| 00| 0 eng d</controlfield>
  <datafield tag="020" ind1=" " ind2=" ">
    <subfield code="a">9789360289522</subfield>
    <subfield code="c">1250.00</subfield>
  </datafield>
  <datafield tag="040" ind1=" " ind2=" ">
    <subfield code="a">MAIN</subfield>
  </datafield>
  <datafield tag="041" ind1=" " ind2=" ">
    <subfield code="a">English</subfield>
  </datafield>
  <datafield tag="082" ind1=" " ind2=" ">
    <subfield code="a">294.5921</subfield>
    <subfield code="b">RAN</subfield>
  </datafield>
  <datafield tag="100" ind1=" " ind2=" ">
    <subfield code="a">Rana, J.M.S. (ed)</subfield>
    <subfield code="9">26889</subfield>
  </datafield>
  <datafield tag="245" ind1=" " ind2=" ">
    <subfield code="a">Harmony Wisdom </subfield>
    <subfield code="b">: Exploring the Parallels Between Modern Science And Vedas </subfield>
  </datafield>
  <datafield tag="260" ind1=" " ind2=" ">
    <subfield code="a">Dehradun</subfield>
    <subfield code="b">Bishan Singh Mahindra Pal Singh</subfield>
    <subfield code="c">2025</subfield>
  </datafield>
  <datafield tag="300" ind1=" " ind2=" ">
    <subfield code="a">96</subfield>
  </datafield>
  <datafield tag="650" ind1=" " ind2=" ">
    <subfield code="a">Uttarakhand Collection : Himalaya Collection</subfield>
    <subfield code="9">13</subfield>
  </datafield>
  <datafield tag="700" ind1=" " ind2=" ">
    <subfield code="a">Saxena, Abhay (ed)</subfield>
    <subfield code="9">26890</subfield>
  </datafield>
  <datafield tag="700" ind1=" " ind2=" ">
    <subfield code="a">Nautiyal, Om Prakash (ed)</subfield>
    <subfield code="9">26882</subfield>
  </datafield>
  <datafield tag="700" ind1=" " ind2=" ">
    <subfield code="a">Rawat, Anita (ed)</subfield>
    <subfield code="9">26881</subfield>
  </datafield>
  <datafield tag="700" ind1=" " ind2=" ">
    <subfield code="a">Yadav, Bhanu Priya (ed)</subfield>
    <subfield code="9">26891</subfield>
  </datafield>
  <datafield tag="700" ind1=" " ind2=" ">
    <subfield code="a">Patel, Chandrashekhar (ed)</subfield>
    <subfield code="9">26892</subfield>
  </datafield>
  <datafield tag="942" ind1=" " ind2=" ">
    <subfield code="c">BK</subfield>
  </datafield>
  <datafield tag="999" ind1=" " ind2=" ">
    <subfield code="c">60866</subfield>
    <subfield code="d">60866</subfield>
  </datafield>
  <datafield tag="952" ind1=" " ind2=" ">
    <subfield code="0">0</subfield>
    <subfield code="1">0</subfield>
    <subfield code="2">ddc</subfield>
    <subfield code="4">0</subfield>
    <subfield code="6">294_592100000000000_RAN</subfield>
    <subfield code="7">0</subfield>
    <subfield code="9">94073</subfield>
    <subfield code="a">MAIN</subfield>
    <subfield code="b">MAIN</subfield>
    <subfield code="d">2026-05-23</subfield>
    <subfield code="o">294.5921 RAN</subfield>
    <subfield code="p">53956</subfield>
    <subfield code="r">2026-05-23</subfield>
    <subfield code="w">2026-05-23</subfield>
    <subfield code="y">BK</subfield>
  </datafield>
</record>
